Futurama Characters by Occupation Quiz Stats

Quiz Updated Mar 19, 2012

Challenge
Share
Tweet
Embed
Score 0/20 Timer 05:00
3 Plays Today
Occupation Character % Correct
Delivery Boy of Planet ExpressPhillip J. Fry
99.1%
Captain of Planet Express ShipTuranga Leela
94.6%
Staff Doctor of Planet ExpressDr. Zoidberg
88.6%
Accountant of Planet ExpressHermes Conrad
86.1%
Scientist, Professor, Owner of Planet ExpressHubert Farnsworth
83.6%
Intern of Planet ExpressAmy Wong
82.9%
President of EarthRichard Nixon's head
82.2%
CEO and Majority Shareholder of MomCorpMom
76.8%
Captain of the Nimbus FlagshipZapp Brannigan
74.9%
JanitorScruffy
74.4%
Occupation Character % Correct
Fourth Lieutenant of the Nimbus FlagshipKif Kroker
73.1%
Assistant Manager of Sales of Planet ExpressBender
72.7%
Nibblonian Ambassador to EarthNibbler
70.5%
Devil of all RobotsRobot Devil
66.1%
Ruler of Omicron Persei 8Lrrr
54.7%
Chef, Restaurant Owner, Television HostElzar
54%
Male co-anchor of √2 NewsMorbo
45.8%
Leader of the Robot MafiaThe Donbot
44.4%
Physicist, Leader of the Harlem GlobetrottersBubblegum Tate
38.5%
Female co-anchor of √2 NewsLinda
28.7%

You're not logged in!

Compare scores with friends on all Sporcle quizzes.
Sign Up with Email
OR
Log In

You Might Also Like...

Show Comments

Extras

Top Quizzes Today


Score Distribution

Your Account Isn't Verified!

In order to create a playlist on Sporcle, you need to verify the email address you used during registration. Go to your Sporcle Settings to finish the process.